The history of the Russian revolution ... (Record no. 553096)
[ view plain ]
| 000 -LEADER | |
|---|---|
| fixed length control field | 00588cam a2200157I 4500 |
| 082 ## - DEWEY DECIMAL CLASSIFICATION NUMBER | |
| Classification number | 947.0841 |
| Author Mark | TRO |
| 100 1# - MAIN ENTRY--PERSONAL NAME | |
| Personal name | Trotsky, Leon, |
| 9 (RLIN) | 50255 |
| 245 04 - TITLE STATEMENT | |
| Title | The history of the Russian revolution ... |
| Statement of responsibility, etc. | Translated from the Russian by Max Eastman. |
| 260 ## - PUBLICATION, DISTRIBUTION, ETC. | |
| Place of publication, distribution, etc. | New York, |
| Name of publisher, distributor, etc. | Simon and Schuster, |
| Date of publication, distribution, etc. | 1932. |
| 300 ## - PHYSICAL DESCRIPTION | |
| Extent | 3 v. |
| Other physical details | illus. |
| Dimensions | 24 cm. |
| 500 ## - GENERAL NOTE | |
| General note | At head of title: Leon Trotsky. |
| 505 0# - FORMATTED CONTENTS NOTE | |
| Formatted contents note | I. The overthrow of tzarism.--II. The attempted counter-revolution.--III. The triumph of the soviets. |
| 526 ## - STUDY PROGRAM INFORMATION NOTE | |
| Program name | 0 |
| Interest level | 0 |
| Reading level | 0 |
| Title point value | 947_084100000000000_TRO |
| 700 1# - ADDED ENTRY--PERSONAL NAME | |
| Personal name | Eastman, Max, |
| 942 ## - ADDED ENTRY ELEMENTS (KOHA) | |
| Source of classification or shelving scheme | |
| Koha item type | Book |
| Withdrawn status | Lost status | Source of classification or shelving scheme | Damaged status | Not for loan | Permanent Location | Current Location | Shelving location | Date acquired | Total Checkouts | Full call number | Barcode | Date last seen | Price effective from | Koha item type |
|---|---|---|---|---|---|---|---|---|---|---|---|---|---|---|
| Military College of Engineering (MCE) | Military College of Engineering (MCE) | 01/29/2015 | 947.0841 TRO | MCE-ECH-6 | 01/29/2015 | 01/29/2015 | Book |
